000 00837cpcaa22002537a 4500
001 mm 80002111
003 DLC
005 20260227111659.0
008 800121|||||||||||| eng
010 _amm 80002111
040 _aDLC
_cDLC
_edacs
_dDLC
072 7 _aL
_2lcmd
100 1 _aWebb, J. Watson
_q(James Watson),
_d1802-1884.
245 0 0 _aJ. Watson Webb correspondence,
_f1857.
300 _a3
_fitems.
506 0 _aOpen to research.
545 0 _aJournalist and diplomat.
546 _aCollection material in English.
580 _aForms part of: Miscellaneous Manuscripts collection.
656 7 _aDiplomats.
_2itoamc
656 7 _aJournalists.
_2itoamc
999 _c42478
_d42478